000 00968nam a22003017a 4500
001 8163
003 FISKH
005 20250829144542.0
008 250829b cb ||||| |||| 00| 0 eng d
020 _a9781934133613
040 _aFISKH
_beng
_cFISKH
_dFISKH
050 _aPZ7
082 _a740
100 _aDuFord, Stacey
245 _aThe fairy painting /
_cWritten by Stacey DuFord ; Illustrated by Wendy Popko
250 _aThis edition first published in 2010
260 _aGuangdong :
_bMackinac,
_c2005
300 _a28 unnumbered pages :
_bcolor illustrations ;
_c28 cm
505 _aR
520 _aThis whimsically illustrated adventure is sure to inspire any budding young artist and to entertain any child curious about fairy antics.
521 8 _a790
_bLexile
521 8 _aR
_bRaz-Plus
650 _2Fairy
_aPainting
650 _2Inspire
_aAdventure
700 _aPopko, Wendy
_dillustrator
942 _2ddc
_cBK
_n0
999 _c8163
_d8163